| 000 | 009620000a22002650004500 | ||
|---|---|---|---|
| 001 | 679 | ||
| 003 | CO-MdFUSB | ||
| 005 | 20180622072450.0 | ||
| 008 | 160824b xxu||||| |||| 00| 0 eng d | ||
| 040 | _cCO-MdFUSB | ||
| 041 | 0 | _aSPA | |
| 082 | 0 | 4 | _aG 131.34 R541f |
| 100 | 1 | _aRicoeur, Paul | |
| 245 | 1 | 0 |
_aFreud : Una interpretación de la cultura / _c Paul Ricoeur ; Armando Suárez, Traductor |
| 250 | _a3 | ||
| 264 |
_aMéxico : _bSiglo Veintiuno, _cc1975 |
||
| 300 | _a483 Pag. | ||
| 500 | _aTítulo original : De l´interprétations - essai sur Freud | ||
| 505 | 0 | 0 | _aproblemática: situación de Freud -- analítica: lectura de Freud -- energética y hermenéutica -- la interpretación de la cultura -- Eros, Tanatos y Ananke -- dialéctica: una interpretación filosófica de Freud |
| 650 | 1 | 4 | _aPSICOANALISIS |
| 942 | _cBK | ||
| 999 |
_c32157 _d32157 |
||
| 336 |
_atexto _btxt _2rdacontent |
||
| 337 |
_2rdamedia _asin mediación _bn |
||
| 338 |
_2rdacarrier _avolumen _bnc |
||